000 01117nmc a2200397 a 4500
003 AR-BaBNM
005 20251128203324.0
008 011101s1983 ||||||||||||||000 | spa||
020 _a950-9147-03
040 _cAR-BaBNM
100 1 _aDarós, W.R.
245 1 0 _aEpistemología y didáctica
250 _a1ª ed.
260 _aRosario
_bMatética
_c1983
300 0 _a594 p.
_btablas
490 0 _aTeoría de la enseñanza
504 _aBibliografía al final del libro
600 0 4 _aAgustín
_d354-430
600 0 4 _aTomás de Aquino
_d1225?-1274
600 1 4 _aComenius, Johann Amos
_d1592-1670
600 1 4 _aRousseau, Jean-Jacques
600 1 4 _aPestalozzi, Johann Heinrich
600 1 4 _aHerbart, Johann Friedrich
600 1 4 _aDewey, John
600 1 4 _aSkinner, Burrhus Frederic
650 4 _aHISTORIA DE LA EDUCACION
650 4 _aEPISTEMOLOGIA
650 4 _aPROCESO DE APRENDIZAJE
650 4 _aMETODOS DE ENSENANZA
650 4 _aDIDACTICA
650 4 _aCURRICULO
653 0 _aCONOCIMIENTO CIENTIFICO
700 1 _aBruera, Ricardo
_eprologuista
942 _cBK
998 _ccARMEN
999 _c2895
_d2895